000 00759nam a22002297a 4500
999 _c4680
_d4680
001 4680
003 BD-JhCC
005 20171129185854.0
008 171129s1965 bg aod|| |||| 000 0 ben d
035 _a(BD-JhCC)4680
040 _aBD-JhCC
_dBD-JhCC
041 _aben
082 _a954.92
_bMIS 1965
100 _aমিছের, কাজী মোঃ
245 _aরাজশাহীর ইতিহাসঃ
_b১ম খণ্ড /
_cকাজী মোঃ মিছের
260 _aঢাকা :
_bনওরোজ কিতাবিস্তান,
_c১৯৬৫.
300 _a২৪২ পৃ. :
_bill. ;
_c২২ সেমি.
504 _aIncludes Maps and Photos
650 _aRajshahi
_zBangladesh
942 _2ddc
_cBK